Socil and literary history of england / (Record no. 37911)

MARC details
000 -LEADER
fixed length control field 00704nam a22002177a 4500
005 - DATE AND TIME OF LATEST TRANSACTION
control field 2010072205365.0
010 ## - LCCN (DPL NO)
LC control number ENG-97081
020 ## - INTERNATIONAL STANDARD BOOK NUMBER
Terms of availability 45.00
International Standard Book Number 9788190875202
035 ## - SYSTEM CONTROL NUMBER
System control number EN-805614
037 ## - SOURCE OF ACQUISITION
Source of stock number/acquisition DBAD/PUB
082 ## - DEWEY DECIMAL CLASSIFICATION NUMBER
Classification number 880.9
100 ## - MAIN ENTRY--PERSONAL NAME
Personal name Shanthi, A.
245 ## - TITLE STATEMENT
Title Socil and literary history of england /
Statement of responsibility, etc by A. Shanthi
260 ## - PUBLICATION, DISTRIBUTION, ETC. (IMPRINT)
Place of publication, distribution, etc Thanjaour
Name of publisher, distributor, etc Nattar Pathippagam
Date of publication, distribution, etc 2009
270 ## - ADDRESS
City Thanjaour
Address 602. Mission Church St,
300 ## - PHYSICAL DESCRIPTION
Extent 115 p.
Dimensions 21 cm (pbk)
700 ## - ADDED ENTRY--PERSONAL NAME
9 (RLIN) 1438
700 ## - ADDED ENTRY--PERSONAL NAME
9 (RLIN) 1585
942 ## - ADDED ENTRY ELEMENTS (KOHA)
Source of classification or shelving scheme Dewey Decimal Classification
Item type English Books
Call number suffix SHA
Classification part 880.9
Holdings
Withdrawn status Lost status Not for loan Collection code Home library Current library Date acquired Source of acquisition Cost, normal purchase price Full call number Barcode Copy number Cost, replacement price Koha item type
    Not For Loan Non-fiction D.B.Act.Division D.B.Act.Division 27/07/2010 DBAD/PUB 45.00 880.9 SHA EN-80614 1 45.00 English Books

© Delhi Public Library
Hit Counter
free hit counter